Tableau des médailles olympiques - Canoë-kayak - Statistiques

Statistiques générales
  • Ce quiz a été pris 27 fois
  • Le résultat moyen est 13 sur 17
Statistiques - réponses
Total Or Argent Bronze Pays % Correct
19 5 7 4 Espagne
100%
36 8 3 19 France
100%
17 6 8 4 Italie
100%
77 34 19 24 Allemagne
91%
19 5 10 6 Grande-Bretagne
91%
30 14 11 9 Allemagne de l'Est
86%
27 5 7 14 Australie
86%
17 6 7 6 États-Unis
86%
30 15 10 4 Suède
77%
26 4 8 11 Canada
73%
20 0 7 13 Pologne
73%
20 8 11 5 Slovaquie
64%
86 28 31 27 Hongrie
59%
17 5 5 6 République Tchèque
59%
34 10 9 14 Roumanie
50%
17 4 6 8 Bulgarie
45%
51 29 1 9 Union soviétique
45%
Aucun quiz correspondant
Distribution des résultats
% des personnes avec chaque résultat
Percentile par nombre de réponses
Votre historique - résultats
Vous n’avez pas pris ce quiz